000 00596nam a2200181 a 4500
008 160825s2014 ||||||||||||||||| || u
020 _a9781409152637
050 _aPR 6068.A57D35
100 _aThomson, Mark
245 1 0 _aDark road
_cBy Ian Rankin: Mark Thomson
260 _aLondon
_bHachette
_c2014
300 _aviii, 214 p.
350 _a12.74
650 _aDRAMA--STORIES, PLOTS, ETC
650 _aENGLISH LANGUAGE
700 _aRankin,Ian
995 _FCBU-MAIN LIBRARY (Kitwe)
_I12.74
_M1
_UAVAILABLE
_WOct 19, 2016
_ZFiction Collection
999 _c39383
_d39383